| 000 | 01483cam a22004094a 4500 | ||
|---|---|---|---|
| 001 | muse92048 | ||
| 003 | MdBmJHUP | ||
| 005 | 20210127151822.0 | ||
| 006 | m o d | ||
| 007 | cr||||||||nn|n | ||
| 008 | 011228s2002 miu o 00 0 eng d | ||
| 010 | _z 2001059866 | ||
| 020 | _a9780472902026 | ||
| 020 | _z1929280076 (cloth : alk. paper) | ||
| 020 | _z9781929280070 | ||
| 035 | _a(OCoLC)1184508227 | ||
| 040 |
_aMdBmJHUP _cMdBmJHUP |
||
| 050 | 0 | 4 |
_aPL856.U673 _bZ86 2002 |
| 082 | 0 |
_a895.6/35 _221 |
|
| 100 | 1 | _aStrecher, Matthew. | |
| 245 | 1 | 0 |
_aDances with Sheep _bThe Quest for Identity in the Fiction of Murakami Haruki / _cMatthew Carl Strecher. |
| 264 | 1 | _bCenter for Japanese Studies/University of Michigan, | |
| 264 | 3 | _bProject MUSE, | |
| 300 | _a1 online resource (xvii, 234 p.) | ||
| 504 | _aIncludes bibliographical references (p. 216-225) and index. | ||
| 506 | 0 |
_aOpen Access _fUnrestricted online access _2star |
|
| 588 | _aDescription based on print version record. | ||
| 600 | 1 | 1 |
_aMurakami, Haruki, _d1949- _xCriticism and interpretation. |
| 655 | 7 |
_aElectronic books. _2local |
|
| 710 | 2 |
_aProject Muse. _edistributor |
|
| 830 | 0 | _aBook collections on Project MUSE. | |
| 856 | 4 | 0 |
_zFull text available: _uhttps://muse.jhu.edu/book/77823/ |
| 999 |
_c27148 _d27148 |
||